000 00726nam a2200289Ia 4500
005 20260324123111.0
008 008 260324s9999 xx 000 0 eng d
020 _a9780203117507
037 _aEBOOK
040 _aCRL
040 _beng
040 _cCRL
041 _2eng
041 _aeng
084 _qCRL
100 _aSusan Bentham; Roger Hutchins
_91169024
245 0 _aImproving Pupil Motivation Together
245 0 _bTeachers and Teaching Assistants Working Collaboratively
260 _bTaylor and Francis
260 _c2012
365 _a
365 _b205
856 _uhttp://www.taylorfrancis.com/books/9780203117507
942 _cEBOOK
999 _c1762254
_d1762254